Riconosci il Pokémon - Quiz n°909 - Statistics

Statistiche generali
  • Questo quiz è stato fatto 20 volte
  • Il punteggio medio è 8 su 10
Statistiche sulle risposte
Indizio Risposta % Corretto
Tipo Erba / Veleno
100%
Generazione Quinta
100%
Stadio evoluzione Forma Base
93%
Altezza 0,2 m
80%
Abilità Spargispora; Rigenergia
80%
Peso 1,0 kg
73%
Tasso di cattura 190 (35.2%)
73%
Sesso 50% ♂, 50% ♀
73%
Tasso di allevamento Medio-Veloce
73%
Pokémon Foongus
60%
Nessun quiz corrispondente trovato
Distribuzione punteggi
Percentuale di utenti per punteggio
Percentile per numero di risposta
I tuoi punteggi nel tempo
Non hai fatto questo quiz